The Word "Green" - Statistics

General Stats
  • This quiz has been taken 27 times
  • The average score is 6 of 10
Answer Stats
Hint Answer % Correct
Ironically named country Greenland
82%
______ is always greener The grass
82%
Relaxation room for performers Green room
77%
Kermit's famous quote It's not easy being green
73%
Background used to manipulate backgrounds Green screen
64%
Knack for gardening Green thumb
64%
Slang term for money Greenbacks
50%
"You're _________ " when someone is sick Looking green
41%
Environmental catchphrase Go green
32%
Novice, rookie; trainee Greenhorn
27%
No matching quizzes found
Score Distribution
Percent of People with Each Score
Percentile by Number Answered
Your Score History
You have not taken this quiz